[Event "Bunratty Masters 2016"]
[Site "Bunratty IRL"]
[Date "2016.02.19"]
[Round "1.20"]
[White "Larisch, Rolf"]
[Black "Keogh, Eamon"]
[Result "1-0"]
[BlackTitle "NM"]
[WhiteElo "2155"]
[BlackElo "2028"]
[BlackICU "1924"]
[BlackClub "Kilkenny"]
[WhiteNationality "GER"]
[BlackNationality "IRL"]
[WhiteFideId "12976350"]
[BlackFideId "2500264"]
[PlyCount "97"]
[EventDate "2016.02.19"]
[Source "TWIC 1112"]

{ Source: TWIC 1112. } { Reference: <a
href="http://www.irlchess.com/bunratty2016_allfiles/pairings_bunratty2016.html">Tournament
report</a>. }

1. f4 d5 2. Nf3 Nf6 3. e3 g6 4. Be2 Bg7 5. O-O O-O 6. d3 b6 7. Qe1 c5 8.
Nbd2 Qc7 9. Ne5 Bb7 10. Qh4 e6 11. Bf3 Nbd7 12. Nxd7 Nxd7 13. e4 f5 14. e5
b5 15. a4 a6 16. axb5 axb5 17. Rxa8 Rxa8 18. Qe7 Qc6 19. c4 Bf8 20. cxd5
exd5 21. Qh4 Qe6 22. Qe1 c4 23. dxc4 bxc4 24. Qd1 Nc5 25. Qc2 Bc6 26. b3
cxb3 27. Nxb3 Nxb3 28. Qxb3 Bc5+ 29. Be3 Bxe3+ 30. Qxe3 Bb5 31. Rd1 Bc4 32.
Qc5 Rc8 33. Qa7 Qc6 34. h4 Qc5+ 35. Qxc5 Rxc5 36. Kf2 Bb3 37. Rb1 Bc2 38.
Rc1 d4 39. Ke1 d3 40. Kd2 Kf7 41. Bd1 Rc4 42. Bxc2 dxc2 43. g3 h6 44. Rxc2
Rd4+ 45. Ke3 Re4+ 46. Kf3 g5 47. Rc7+ Kg6 48. Rc6+ Kh5 49. hxg5 1-0

[Event "Bunratty Masters 2016"]
[Site "Bunratty IRL"]
[Date "2016.02.19"]
[Round "1.21"]
[White "Byrne, Alex"]
[Black "Schockenbaeumer, Dirk"]
[Result "0-1"]
[WhiteElo "1861"]
[BlackElo "2155"]
[WhiteICU "1929"]
[WhiteClub "St. Benildus"]
[WhiteNationality "IRL"]
[BlackNationality "GER"]
[WhiteFideId "2508788"]
[BlackFideId "4629574"]
[PlyCount "74"]
[EventDate "2016.02.19"]
[Source "TWIC 1112"]
[BlackFullName "Schockenb&auml;umer, Dirk"]

{ Source: TWIC 1112. } { Reference: <a
href="http://www.irlchess.com/bunratty2016_allfiles/pairings_bunratty2016.html">Tournament
report</a>. }

1. e4 c5 2. c3 Nf6 3. e5 Nd5 4. d4 cxd4 5. Nf3 Nc6 6. cxd4 d6 7. Bc4 Nb6 8.
Bb5 dxe5 9. Nxe5 Bd7 10. Bxc6 Bxc6 11. Nxc6 bxc6 12. O-O g6 13. Bf4 Bg7 14.
Be5 Bxe5 15. dxe5 Qxd1 16. Rxd1 Nc4 17. Nd2 Nxe5 18. Rac1 O-O 19. Nc4 Nxc4
20. Rxc4 Rfd8 21. Rcd4 Rxd4 22. Rxd4 Rb8 23. b3 Rb5 24. Kf1 Ra5 25. a4 Rd5
26. Rb4 a5 27. Rc4 c5 28. Ke2 f5 29. g4 Kf7 30. gxf5 Rxf5 31. Rh4 h5 32.
Re4 Kf6 33. f4 e5 34. Rc4 exf4 35. h4 f3+ 36. Kf2 g5 37. hxg5+ Kxg5 0-1

[Event "Bunratty Masters 2016"]
[Site "Bunratty IRL"]
[Date "2016.02.19"]
[Round "1.22"]
[White "O'Gorman, Tom"]
[Black "Mulligan, Scott"]
[Result "1-0"]
[WhiteElo "2067"]
[BlackElo "1895"]
[WhiteICU "2133"]
[BlackICU "1914"]
[WhiteClub "Dun Laoghaire"]
[BlackClub "Rathmines"]
[WhiteNationality "IRL"]
[BlackNationality "IRL"]
[WhiteFideId "2508249"]
[BlackFideId "2507498"]
[PlyCount "54"]
[EventDate "2016.02.19"]
[Source "TWIC 1112"]

{ Source: TWIC 1112. } { Reference: <a
href="http://www.irlchess.com/bunratty2016_allfiles/pairings_bunratty2016.html">Tournament
report</a>. }

1. e4 e6 2. d4 d5 3. Nd2 Nf6 4. e5 Nfd7 5. Bd3 c5 6. c3 Nc6 7. Ngf3 cxd4 8.
cxd4 f6 9. exf6 Nxf6 10. O-O Bd6 11. Re1 O-O 12. Nb3 b6 13. Bg5 Qe8 14. Rc1
Ne7 15. Ne5 a5 16. Nd2 Qh5 17. Qxh5 Nxh5 18. Ndf3 Nf4 19. Bb5 Neg6 20. Re3
h6 21. Bxf4 Nxf4 22. g3 Nh5 23. Nd7 Rd8 24. Nxb6 Rb8 25. Rxc8 Rdxc8 26.
Nxc8 Rxc8 27. Rxe6 Rc2 1-0

[Event "Bunratty Masters 2016"]
[Site "Bunratty IRL"]
[Date "2016.02.20"]
[Round "2.1"]
[White "Short, Nigel"]
[Black "Villegas, Pierre"]
[Result "1-0"]
[WhiteTitle "GM"]
[BlackTitle "FM"]
[WhiteElo "2684"]
[BlackElo "2354"]
[WhiteNationality "ENG"]
[BlackNationality "MNC"]
[WhiteFideId "400025"]
[BlackFideId "654183"]
[PlyCount "61"]
[EventDate "2016.02.19"]
[Source "TWIC 1112"]

{ Source: TWIC 1112. } { Reference: <a
href="http://www.irlchess.com/bunratty2016_allfiles/pairings_bunratty2016.html">Tournament
report</a>. }

1. e4 c6 2. d4 d5 3. e5 c5 4. dxc5 e6 5. a3 Nc6 6. Nf3 Bxc5 7. b4 Bb6 8.
Bb2 Nge7 9. Nbd2 Ng6 10. g3 O-O 11. c4 f6 12. exf6 gxf6 13. Rc1 Nce5 14. c5
Nxf3+ 15. Qxf3 Bc7 16. Bg2 Be5 17. Qb3 Bd7 18. f4 Bxb2 19. Qxb2 Bb5 20. Kf2
e5 21. Qb3 exf4 22. a4 Be8 23. Nf3 fxg3+ 24. hxg3 f5 25. Rcd1 f4 26. g4 Bf7
27. Qc3 Qe8 28. Rhe1 Qxa4 29. Nd4 Rad8 30. c6 a5 31. c7 1-0

[Event "Bunratty Masters 2016"]
[Site "Bunratty IRL"]
[Date "2016.02.20"]
[Round "2.2"]
[White "Short, Philip"]
[Black "Jones, Gawain"]
[Result "1/2-1/2"]
[WhiteTitle "FM"]
[BlackTitle "GM"]
[WhiteElo "2298"]
[BlackElo "2629"]
[WhiteNationality "IRL"]
[BlackNationality "ENG"]
[WhiteFideId "2500086"]
[BlackFideId "409561"]
[PlyCount "86"]
[EventDate "2016.02.19"]
[Source "TWIC 1112"]

{ Source: TWIC 1112. } { Reference: <a
href="http://www.irlchess.com/bunratty2016_allfiles/pairings_bunratty2016.html">Tournament
report</a>. }

1. d4 Nf6 2. Nf3 g6 3. g3 Bg7 4. c4 O-O 5. Bg2 d6 6. O-O Nc6 7. Nc3 Rb8 8.
Bf4 a6 9. Rc1 h6 10. d5 e5 11. dxe6 fxe6 12. Bd2 e5 13. Ne1 g5 14. Nd5 Bf5
15. Nxf6+ Rxf6 16. b4 Qd7 17. Bc3 Be6 18. Bd5 Ne7 19. Bxe6+ Qxe6 20. e4 b5
21. cxb5 axb5 22. Qe2 c6 23. a3 Ra8 24. Bb2 g4 25. Ng2 h5 26. Rc3 Bh6 27.
f4 gxf3 28. Rcxf3 Rxf3 29. Qxf3 Rf8 30. Qxh5 Rxf1+ 31. Kxf1 Kg7 32. Qe2 Ng6
33. Ne3 Bxe3 34. Qxe3 Qh3+ 35. Kg1 Qg4 36. Qd3 Nf4 37. Qxd6 Nh3+ 38. Kg2
Nf4+ 39. Kg1 Nh3+ 40. Kg2 Qe2+ 41. Kxh3 Qh5+ 42. Kg2 Qe2+ 43. Kh3 Qh5+
1/2-1/2

[Event "Bunratty Masters 2016"]
[Site "Bunratty IRL"]
[Date "2016.02.20"]
[Round "2.3"]
[White "Korneev, Oleg"]
[Black "Bates, Richard A."]
[Result "1-0"]
[WhiteTitle "GM"]
[BlackTitle "IM"]
[WhiteElo "2581"]
[BlackElo "2332"]
[WhiteNationality "ESP"]
[BlackNationality "ENG"]
[WhiteFideId "4156803"]
[BlackFideId "403555"]
[PlyCount "73"]
[EventDate "2016.02.19"]
[Source "TWIC 1112"]

{ Source: TWIC 1112. } { Reference: <a
href="http://www.irlchess.com/bunratty2016_allfiles/pairings_bunratty2016.html">Tournament
report</a>. }

1. e4 c5 2. Nf3 d6 3. d4 cxd4 4. Nxd4 Nf6 5. Nc3 a6 6. Be3 e5 7. Nb3 Be6 8.
f3 h5 9. Qd2 Nbd7 10. O-O-O Be7 11. Kb1 b5 12. h3 Qc7 13. Bd3 Rb8 14. g4
Nb6 15. Bxb6 Qxb6 16. g5 Nd7 17. Nd5 Bxd5 18. exd5 b4 19. g6 f6 20. Bf5 Nc5
21. Rhe1 a5 22. Nxc5 Qxc5 23. Re4 Bd8 24. Qd3 Ke7 25. Rc4 Qa7 26. h4 Bb6
27. Rc6 Bc5 28. Be6 b3 29. cxb3 Rb4 30. Rc1 Rd4 31. Qf5 Rf4 32. Qh3 Rb8 33.
R1xc5 dxc5 34. d6+ Kd8 35. Rc7 Qa6 36. Rd7+ Ke8 37. Bc4 1-0

[Event "Bunratty Masters 2016"]
[Site "Bunratty IRL"]
[Date "2016.02.20"]
[Round "2.4"]
[White "Walton, Alan J."]
[Black "Hebden, Mark"]
[Result "0-1"]
[WhiteTitle "CM"]
[BlackTitle "GM"]
[WhiteElo "2216"]
[BlackElo "2467"]
[WhiteNationality "ENG"]
[BlackNationality "ENG"]
[WhiteFideId "409898"]
[BlackFideId "400084"]
[PlyCount "46"]
[EventDate "2016.02.19"]
[Source "TWIC 1112"]

{ Source: TWIC 1112. } { Reference: <a
href="http://www.irlchess.com/bunratty2016_allfiles/pairings_bunratty2016.html">Tournament
report</a>. }

1. d4 Nf6 2. Bg5 d5 3. Bxf6 exf6 4. e3 Bd6 5. c4 dxc4 6. Bxc4 O-O 7. Nc3
Nd7 8. Nf3 f5 9. Qc2 Nf6 10. O-O c6 11. a3 Qe7 12. Bd3 g6 13. Rae1 Be6 14.
e4 fxe4 15. Nxe4 Nxe4 16. Bxe4 Qf6 17. h3 Rad8 18. Rd1 Rd7 19. b4 Re8 20.
Rfe1 Rde7 21. d5 cxd5 22. Bxd5 Bxd5 23. Rxe7 Qxe7 0-1

[Event "Bunratty Masters 2016"]
[Site "Bunratty IRL"]
[Date "2016.02.20"]
[Round "2.5"]
[White "Williams, Simon K."]
[Black "Le Ruyet, Leopold"]
[Result "1-0"]
[WhiteTitle "GM"]
[WhiteElo "2435"]
[BlackElo "2240"]
[WhiteNationality "ENG"]
[BlackNationality "FRA"]
[WhiteFideId "404454"]
[BlackFideId "645923"]
[PlyCount "87"]
[EventDate "2016.02.19"]
[Source "TWIC 1112"]
[BlackFullName "Le Ruyet, L&eacute;opold"]

{ Source: TWIC 1112. } { Reference: <a
href="http://www.irlchess.com/bunratty2016_allfiles/pairings_bunratty2016.html">Tournament
report</a>. }

1. d4 Nf6 2. c4 e6 3. Nf3 Bb4+ 4. Nbd2 O-O 5. a3 Bxd2+ 6. Bxd2 b6 7. Bg5
Bb7 8. e3 d6 9. Bd3 c5 10. dxc5 dxc5 11. Ne5 h6 12. Bh4 Nc6 13. Ng4 g5 14.
Nxh6+ Kg7 15. Bxg5 Ne5 16. Be2 Qxd1+ 17. Rxd1 Bxg2 18. Rg1 Nf3+ 19. Bxf3
Bxf3 20. Bh4+ Kxh6 21. Bxf6 Rg8 22. Rxg8 Rxg8 23. Rd8 Rg1+ 24. Kd2 Rg2 25.
e4 Bxe4 26. Ke3 Bg6 27. h4 Rg4 28. b3 Rg1 29. Kf4 Rb1 30. Rh8+ Bh7 31. Ke5
Rxb3 32. f4 Re3+ 33. Kd6 Re4 34. Ke7 Rxc4 35. Be5 Kg6 36. h5+ Kh6 37. Kxf7
Ra4 38. Bg7+ Kxh5 39. Rxh7+ Kg4 40. Be5 Kf5 41. Rh5+ Ke4 42. Kxe6 Rxa3 43.
f5 Rf3 44. f6 1-0

[Event "Bunratty Masters 2016"]
[Site "Bunratty IRL"]
[Date "2016.02.20"]
[Round "2.6"]
[White "Schockenbaeumer, Dirk"]
[Black "Baburin, Alexander"]
[Result "0-1"]
[BlackTitle "GM"]
[WhiteElo "2155"]
[BlackElo "2490"]
[BlackICU "2429"]
[BlackClub "Kilkenny"]
[WhiteNationality "GER"]
[BlackNationality "IRL"]
[WhiteFideId "4629574"]
[BlackFideId "2500914"]
[PlyCount "78"]
[EventDate "2016.02.19"]
[Source "TWIC 1112"]
[WhiteFullName "Schockenb&auml;umer, Dirk"]

{ Source: TWIC 1112. } { Reference: <a
href="http://www.irlchess.com/bunratty2016_allfiles/pairings_bunratty2016.html">Tournament
report</a>. }

1. Nf3 d5 2. d4 c6 3. g3 Nf6 4. Bg2 Bf5 5. O-O e6 6. b3 h6 7. Bb2 Be7 8.
Nbd2 O-O 9. c4 Nbd7 10. Ne5 a5 11. Nxd7 Nxd7 12. e4 dxe4 13. Nxe4 a4 14. d5
Bxe4 15. Bxe4 Bf6 16. Ba3 exd5 17. cxd5 Re8 18. Bg2 axb3 19. Qxb3 Bxa1 20.
dxc6 bxc6 21. Rxa1 Ne5 22. Bb2 Rb8 23. Qc2 Qd3 24. Qxd3 Nxd3 25. Bd4 c5 26.
Be3 c4 27. Bd5 c3 28. Bb3 Rxb3 29. axb3 Rxe3 30. Ra8+ Kh7 31. fxe3 c2 32.
Rc8 c1=Q+ 33. Rxc1 Nxc1 34. b4 Nd3 35. b5 Kg6 36. b6 Nc5 37. e4 Kf6 38. Kf2
Nxe4+ 39. Ke3 Nd6 0-1

[Event "Bunratty Masters 2016"]
[Site "Bunratty IRL"]
[Date "2016.02.20"]
[Round "2.7"]
[White "Wells, Peter K."]
[Black "Larisch, Rolf"]
[Result "1-0"]
[WhiteTitle "GM"]
[WhiteElo "2427"]
[BlackElo "2155"]
[WhiteNationality "ENG"]
[BlackNationality "GER"]
[WhiteFideId "400327"]
[BlackFideId "12976350"]
[PlyCount "79"]
[EventDate "2016.02.19"]
[Source "TWIC 1112"]

{ Source: TWIC 1112. } { Reference: <a
href="http://www.irlchess.com/bunratty2016_allfiles/pairings_bunratty2016.html">Tournament
report</a>. }

1. d4 g6 2. e4 Bg7 3. Nc3 d6 4. f4 a6 5. Nf3 Nd7 6. Bc4 e6 7. f5 Nb6 8. Bd3
c5 9. fxe6 Bxe6 10. Be3 Qc7 11. O-O Nc4 12. Bxc4 Bxc4 13. Re1 Ne7 14. d5
O-O 15. Qd2 Rfe8 16. Bh6 Rad8 17. Bxg7 Kxg7 18. a4 a5 19. Nd1 Ba6 20. Qc3+
f6 21. Nf2 b6 22. Ng5 Bc8 23. Rf1 Ng8 24. Rae1 h6 25. Nf3 Kh7 26. Nd3 f5
27. exf5 Bxf5 28. Nh4 Rxe1 29. Rxe1 Qf7 30. Nf4 Nf6 31. Nxf5 gxf5 32. Re6
Nxd5 33. Qh3 h5 34. Qb3 Nf6 35. h3 Rh8 36. Nxh5 Qxh5 37. Rxf6 Rg8 38. Qf7+
Qxf7 39. Rxf7+ Kg6 40. Rd7 1-0

[Event "Bunratty Masters 2016"]
[Site "Bunratty IRL"]
[Date "2016.02.20"]
[Round "2.8"]
[White "Moynihan, Kieran"]
[Black "Collins, Sam"]
[Result "0-1"]
[BlackTitle "IM"]
[WhiteElo "2138"]
[BlackElo "2442"]
[WhiteICU "2058"]
[BlackICU "2416"]
[WhiteClub "C.C.Y.M.S."]
[BlackClub "Gonzaga"]
[WhiteNationality "IRL"]
[BlackNationality "IRL"]
[WhiteFideId "2500663"]
[BlackFideId "2501198"]
[PlyCount "100"]
[EventDate "2016.02.19"]
[Source "TWIC 1112"]

{ Source: TWIC 1112. } { Reference: <a
href="http://www.irlchess.com/bunratty2016_allfiles/pairings_bunratty2016.html">Tournament
report</a>. }

1. d4 Nf6 2. c4 g6 3. Nc3 Bg7 4. e4 d6 5. f3 O-O 6. Be3 c5 7. Nge2 Nc6 8.
d5 Ne5 9. Ng3 h5 10. Be2 h4 11. Nf1 e6 12. Nd2 exd5 13. cxd5 h3 14. g3 a6
15. a4 Bd7 16. Bg5 c4 17. Nxc4 Nxc4 18. Bxc4 Re8 19. Be2 b5 20. Qd2 Qa5 21.
O-O bxa4 22. Bd1 Bb5 23. Re1 Rab8 24. Bxa4 Bxa4 25. Nxa4 Qb5 26. Bxf6 Bxf6
27. Re2 Kg7 28. Nc3 Qc5+ 29. Kf1 Rxb2 30. Qxb2 Bxc3 31. Rc1 Bxb2 32. Rxc5
dxc5 33. Rxb2 f5 34. Rb7+ Kf6 35. Rb6+ Ke5 36. Rxa6 Kd4 37. exf5 gxf5 38.
Re6 Rd8 39. g4 fxg4 40. fxg4 c4 41. Ke2 Rxd5 42. Kd2 Ra5 43. Rd6+ Ke5 44.
Rh6 Ra2+ 45. Kc3 Kf4 46. Kxc4 Rxh2 47. Kd4 Rd2+ 48. Kc3 Ra2 49. Kd3 h2 50.
g5 Kxg5 0-1

[Event "Bunratty Masters 2016"]
[Site "Bunratty IRL"]
[Date "2016.02.20"]
[Round "2.9"]
[White "Costachi, Mihnea"]
[Black "O'Gorman, Tom"]
[Result "1/2-1/2"]
[WhiteTitle "FM"]
[WhiteElo "2409"]
[BlackElo "2067"]
[BlackICU "2133"]
[BlackClub "Dun Laoghaire"]
[WhiteNationality "ROU"]
[BlackNationality "IRL"]
[WhiteFideId "1217518"]
[BlackFideId "2508249"]
[PlyCount "161"]
[EventDate "2016.02.19"]
[Source "TWIC 1112"]

{ Source: TWIC 1112. } { Reference: <a
href="http://www.irlchess.com/bunratty2016_allfiles/pairings_bunratty2016.html">Tournament
report</a>. }

1. d4 Nf6 2. c4 g6 3. Nc3 Bg7 4. e4 d6 5. Be2 O-O 6. Bg5 c5 7. d5 e6 8. Nf3
exd5 9. cxd5 Nbd7 10. O-O Re8 11. Nd2 a6 12. a4 Qc7 13. h3 h6 14. Bf4 Ne5
15. Bh2 g5 16. f4 Ng6 17. fxg5 hxg5 18. Nc4 Nxe4 19. Nxe4 Rxe4 20. Nxd6 Rd4
21. Qc2 Nf4 22. Bxf4 gxf4 23. Ne8 Qe5 24. Nxg7 Kxg7 25. Bf3 Qe3+ 26. Kh1
Rd2 27. Qc3+ Qxc3 28. bxc3 Bf5 29. a5 Kf6 30. Ra4 Kg5 31. Be4 Bd7 32. Raa1
Re8 33. Bf3 Bb5 34. Rfe1 Re3 35. Red1 Rxd1+ 36. Rxd1 Rxc3 37. d6 Bd7 38.
Bxb7 Ra3 39. Bf3 Rxa5 40. Re1 Ra2 41. Re7 Be6 42. Rc7 Rd2 43. Rxc5+ Kf6 44.
Rc6 Ke5 45. Rxa6 Rxd6 46. Ra5+ Kf6 47. Kg1 Rd2 48. h4 Rd4 49. Ra8 Kg7 50.
Rb8 Ra4 51. Rb5 Rd4 52. Rg5+ Kh6 53. Rg8 Kh7 54. Rg5 Kh6 55. Re5 Rb4 56.
Re2 Rd4 57. Kf2 Kg6 58. Rb2 Kh6 59. Rb6 Kg7 60. Rb5 Kh6 61. Ke1 Kg7 62. Rb2
Kh6 63. Rd2 Rxd2 64. Kxd2 Bh3 65. gxh3 Kg7 66. Kd3 f5 67. Kd4 Kh8 68. Ke5
Kg7 69. h5 Kh8 70. Kf6 Kh7 71. Kf7 Kh8 72. h4 Kh7 73. h6 Kh8 74. Bd1 f3 75.
Bxf3 f4 76. h5 Kh7 77. Be4+ Kh8 78. Kg6 f3 79. Bxf3 Kg8 80. h7+ Kh8 81. h6
1/2-1/2

[Event "Bunratty Masters 2016"]
[Site "Bunratty IRL"]
[Date "2016.02.20"]
[Round "2.10"]
[White "Pein, Malcolm"]
[Black "Cafolla, Peter"]
[Result "1-0"]
[WhiteTitle "IM"]
[WhiteElo "2357"]
[BlackElo "1990"]
[BlackICU "1984"]
[BlackClub "Curragh"]
[WhiteNationality "ENG"]
[BlackNationality "IRL"]
[WhiteFideId "400289"]
[BlackFideId "2500884"]
[PlyCount "43"]
[EventDate "2016.02.19"]
[Source "TWIC 1112"]

{ Source: TWIC 1112. } { Reference: <a
href="http://www.irlchess.com/bunratty2016_allfiles/pairings_bunratty2016.html">Tournament
report</a>. }

1. Nf3 d5 2. c4 e6 3. g3 c5 4. Bg2 Nf6 5. O-O Nc6 6. b3 Be7 7. e3 O-O 8.
Bb2 Bd7 9. Qe2 a6 10. Nc3 Ne4 11. cxd5 Nxc3 12. dxc3 exd5 13. Rfd1 Qb6 14.
c4 Na5 15. Ne5 Bc6 16. cxd5 Bb5 17. Qg4 f5 18. Nc4 Qh6 19. Qxg7+ Qxg7 20.
Bxg7 Nxb3 21. Bxf8 Bf6 22. axb3 1-0

[Event "Bunratty Masters 2016"]
[Site "Bunratty IRL"]
[Date "2016.02.20"]
[Round "2.11"]
[White "Spirek, Adam"]
[Black "Heidenfeld, Mark"]
[Result "0-1"]
[BlackTitle "IM"]
[WhiteElo "2076"]
[BlackElo "2370"]
[WhiteICU "1958"]
[BlackICU "2350"]
[WhiteClub "Cavan"]
[BlackClub "Kilkenny"]
[WhiteNationality "CZE"]
[BlackNationality "IRL"]
[WhiteFideId "310832"]
[BlackFideId "2500990"]
[PlyCount "70"]
[EventDate "2016.02.19"]
[Source "TWIC 1112"]
[WhiteFullName "&Scaron;p&iacute;rek, Adam"]

{ Source: TWIC 1112. } { Reference: <a
href="http://www.irlchess.com/bunratty2016_allfiles/pairings_bunratty2016.html">Tournament
report</a>. }

1. e4 e6 2. d4 d5 3. Nd2 Be7 4. Ngf3 c5 5. exd5 exd5 6. dxc5 Qa5 7. c3 Qxc5
8. Nb3 Qd6 9. Bb5+ Nc6 10. O-O Nf6 11. Be3 O-O 12. h3 Ne4 13. Re1 Rd8 14.
Nbd4 Nxd4 15. Bxd4 Qh6 16. Qc1 Qh5 17. Qf4 Be6 18. Bf1 f6 19. g4 Qf7 20.
Qe3 h5 21. g5 fxg5 22. Ne5 Qf5 23. Bd3 Bf6 24. f3 Bxe5 25. fxe4 dxe4 26.
Bxe4 Bxd4 27. cxd4 Qxh3 28. Bxb7 Qg4+ 29. Kh2 Bd5 30. Bxd5+ Rxd5 31. Qe6+
Qxe6 32. Rxe6 Rxd4 33. Rg1 Rh4+ 34. Kg3 Rf8 35. Re2 Rhf4 0-1

[Event "Bunratty Masters 2016"]
[Site "Bunratty IRL"]
[Date "2016.02.20"]
[Round "2.12"]
[White "Quinn, Rory"]
[Black "Rawlinson, Aidan M."]
[Result "1/2-1/2"]
[WhiteElo "2080"]
[BlackElo "2208"]
[WhiteICU "2032"]
[WhiteClub "Ennis"]
[WhiteNationality "IRL"]
[BlackNationality "ENG"]
[WhiteFideId "2501643"]
[BlackFideId "413496"]
[PlyCount "72"]
[EventDate "2016.02.19"]
[Source "TWIC 1112"]

{ Source: TWIC 1112. } { Reference: <a
href="http://www.irlchess.com/bunratty2016_allfiles/pairings_bunratty2016.html">Tournament
report</a>. }

1. e4 g6 2. d4 Bg7 3. Nc3 d6 4. f4 a6 5. Nf3 b5 6. Bd3 Nd7 7. e5 c5 8. Ne4
cxd4 9. exd6 Ngf6 10. O-O O-O 11. dxe7 Qxe7 12. Re1 Bb7 13. Ned2 Qd6 14.
Nb3 Ng4 15. Bf1 Rfe8 16. h3 Nh6 17. Rxe8+ Rxe8 18. Nfxd4 Nc5 19. c3 Nxb3
20. axb3 Nf5 21. Qd2 Nxd4 22. cxd4 Qxd4+ 23. Kh2 Qxd2 24. Bxd2 Bxb2 25. Ra2
Bd4 26. g3 Kg7 27. Rc2 Kf6 28. Rc7 Re7 29. Rc2 Ke6 30. Bb4 Rd7 31. Re2+ Kf6
32. Rd2 Bc6 33. Rc2 Bb7 34. Rd2 Bc6 35. Ra2 Ra7 36. Rd2 Rd7 1/2-1/2

[Event "Bunratty Masters 2016"]
[Site "Bunratty IRL"]
[Date "2016.02.20"]
[Round "2.13"]
[White "Fox, Anthony"]
[Black "Rendle, Thomas E."]
[Result "0-1"]
[BlackTitle "IM"]
[WhiteElo "2022"]
[BlackElo "2366"]
[WhiteICU "2016"]
[WhiteClub "Dun Laoghaire"]
[WhiteNationality "IRL"]
[BlackNationality "ENG"]
[WhiteFideId "2500736"]
[BlackFideId "408760"]
[PlyCount "62"]
[EventDate "2016.02.19"]
[Source "TWIC 1112"]

{ Source: TWIC 1112. } { Reference: <a
href="http://www.irlchess.com/bunratty2016_allfiles/pairings_bunratty2016.html">Tournament
report</a>. }

1. e4 e6 2. d4 d5 3. exd5 exd5 4. Nf3 Nc6 5. Bd3 Bd6 6. O-O Nge7 7. Re1 Bg4
8. c3 Qd7 9. Bg5 f6 10. Bh4 O-O-O 11. Bg3 Bxg3 12. fxg3 Rde8 13. Nbd2 Qd6
14. Qc2 h5 15. b4 g5 16. a4 h4 17. gxh4 gxh4 18. Re3 Reg8 19. Rae1 Rg7 20.
Kh1 Nd8 21. b5 Ne6 22. c4 Nf4 23. c5 Qd8 24. Rxe7 Rxe7 25. Bf5+ Kb8 26.
Bxg4 Rxe1+ 27. Nxe1 Qe7 28. Ndf3 Re8 29. h3 Ne2 30. Kh2 Ng3 31. Qf2 f5 0-1

[Event "Bunratty Masters 2016"]
[Site "Bunratty IRL"]
[Date "2016.02.20"]
[Round "2.14"]
[White "O'Donnell, Conor"]
[Black "Cabanas Jimenez, Manuel"]
[Result "1/2-1/2"]
[WhiteTitle "FM"]
[WhiteElo "2303"]
[BlackElo "2070"]
[WhiteICU "2284"]
[WhiteClub "Gonzaga"]
[WhiteNationality "IRL"]
[BlackNationality "ESP"]
[WhiteFideId "2504243"]
[BlackFideId "2268647"]
[PlyCount "40"]
[EventDate "2016.02.19"]
[Source "TWIC 1112"]
[BlackFullName "Caba&ntilde;as Jimenez, Manuel"]

{ Source: TWIC 1112. } { Reference: <a
href="http://www.irlchess.com/bunratty2016_allfiles/pairings_bunratty2016.html">Tournament
report</a>. }

1. d4 Nf6 2. c4 g6 3. g3 Bg7 4. Bg2 d5 5. cxd5 Nxd5 6. e4 Nb6 7. Ne2 O-O 8.
O-O Na6 9. a4 c5 10. a5 Nc4 11. Qa4 Nd6 12. Be3 Bd7 13. Qb3 cxd4 14. Nxd4
Nc5 15. Qd5 Rc8 16. Nd2 Nd3 17. Qb3 Nc5 18. Qd5 Nd3 19. Qb3 Nc5 20. Qd5 Nd3
1/2-1/2

[Event "Bunratty Masters 2016"]
[Site "Bunratty IRL"]
[Date "2016.02.20"]
[Round "2.15"]
[White "Skulte, Christopher"]
[Black "Houston, David"]
[Result "1/2-1/2"]
[WhiteElo "2011"]
[BlackElo "2235"]
[BlackUCU "2091"]
[BlackClub "Ballynafeigh"]
[WhiteNationality "AUS"]
[BlackNationality "IRL"]
[WhiteFideId "3214044"]
[BlackFideId "2505355"]
[PlyCount "109"]
[EventDate "2016.02.19"]
[Source "TWIC 1112"]

{ Source: TWIC 1112. } { Reference: <a
href="http://www.irlchess.com/bunratty2016_allfiles/pairings_bunratty2016.html">Tournament
report</a>. }

1. e4 e5 2. Nf3 Nc6 3. d4 exd4 4. Nxd4 Nf6 5. Nc3 Bb4 6. Nxc6 bxc6 7. Bd3
d5 8. exd5 cxd5 9. O-O O-O 10. Bg5 Bxc3 11. bxc3 c6 12. c4 Be6 13. cxd5
cxd5 14. Rb1 Qe7 15. Qf3 h6 16. Bxf6 Qxf6 17. Qxf6 gxf6 18. Rb4 Rab8 19.
Rfb1 Rxb4 20. Rxb4 a5 21. Rb5 Ra8 22. f4 f5 23. Kf2 Kg7 24. a3 Kf6 25. Ke3
h5 26. Be2 h4 27. Kd4 Rg8 28. Bf3 Rc8 29. Rc5 Rb8 30. Rxa5 Rb1 31. h3 Ke7
32. c3 Rb2 33. Bxd5 Rd2+ 34. Kc4 Rxg2 35. Bxe6 fxe6 36. Ra7+ Kd6 37. Rh7
Ra2 38. Kb3 Rf2 39. Rxh4 e5 40. Rh6+ Kd5 41. c4+ Ke4 42. fxe5 Kxe5 43. c5
Rf1 44. Kc2 Rf2+ 45. Kd1 Rf1+ 46. Ke2 Ra1 47. c6 Rxa3 48. Rh7 Rc3 49. c7 f4
50. h4 f3+ 51. Kf2 Kf4 52. Rf7+ Kg4 53. Rh7 Rc2+ 54. Ke3 f2 55. c8=Q+
1/2-1/2